Applied Linguisics in Language Education/ (Record no. 7181)
[ view plain ]
| 000 -LEADER | |
|---|---|
| fixed length control field | 00385nam a22001457a 4500 |
| 003 - CONTROL NUMBER IDENTIFIER | |
| control field | BUBTL |
| 008 - FIXED-LENGTH DATA ELEMENTS--GENERAL INFORMATION | |
| fixed length control field | 231224b ||||| |||| 00| 0 eng d |
| 020 ## - INTERNATIONAL STANDARD BOOK NUMBER | |
| International Standard Book Number | 9780340706213 |
| 082 ## - DEWEY DECIMAL CLASSIFICATION NUMBER | |
| Classification number | 428/ M1471a/ 2002 |
| 100 ## - MAIN ENTRY--PERSONAL NAME | |
| Personal name | McDonough, Steven |
| 9 (RLIN) | 5577 |
| 245 ## - TITLE STATEMENT | |
| Title | Applied Linguisics in Language Education/ |
| Statement of responsibility, etc. | Steven McDonough |
| 300 ## - PHYSICAL DESCRIPTION | |
| Extent | 178 p. : |
| 856 ## - ELECTRONIC LOCATION AND ACCESS | |
| Password | 0 |
| Logon | 0 |
| Link text | Download |
| 942 ## - ADDED ENTRY ELEMENTS (KOHA) | |
| Source of classification or shelving scheme | |
| Koha item type | Books |
No items available.
